00648 2200241 4500001002100000005001500021035002000036007000300056008004100059020001600100082001100116084001700127100002200144245008300166250001000249260003700259300003100296650001100327700001600338520003000354990001100384990001100395INLIS00000000000293820190119104905 a0010-0119000290ta190119 g 1 ind  a602317173-7 a398.21 a398.21 DYA c0 aDYAH, Umi Purnama1 aCerita Anak Terbaik Sepanjang Masa /cDyah Umi Purnama; penyunting, Tin Zuleha acet.1 aSurakarta :bVisi Mandiri,c2015 a111 hlm. :bilus. ;c24 cm aFOKLOR0 aTIN, Zuleha aBibliografi: hlm. 110-111 a6428 a a6428 b